Thí nghiệm vật liệu học và xử lý

שמור ב:
מידע ביבליוגרפי
מחבר ראשי: Đặng, Vũ Ngoạn
פורמט: ספר
שפה:Undetermined
יצא לאור: Thành phố Hồ Chí Minh Đại học Quốc gia Thành phố Hồ Chí Minh 2003
נושאים:
תגים: הוספת תג
אין תגיות, היה/י הראשונ/ה לתייג את הרשומה!
Thư viện lưu trữ: Trung tâm Học liệu Trường Đại học Cần Thơ
LEADER 00633nam a2200193Ia 4500
001 CTU_101363
008 210402s9999 xx 000 0 und d
020 |c 8000 
082 |a 671.3 
082 |b Ng406 
100 |a Đặng, Vũ Ngoạn 
245 0 |a Thí nghiệm vật liệu học và xử lý 
245 0 |c Đặng Vũ Ngoạn 
260 |a Thành phố Hồ Chí Minh 
260 |b Đại học Quốc gia Thành phố Hồ Chí Minh 
260 |c 2003 
650 |a Materials testing laboratories,Steel,Iron 
904 |i Vương 
980 |a Trung tâm Học liệu Trường Đại học Cần Thơ